| 000 | 00515nam a22001817a 4500 | ||
|---|---|---|---|
| 003 | OSt | ||
| 082 |
_a664 _bARY/DE |
||
| 100 |
_aAryasree, N. V _94735 |
||
| 100 |
_aDiya, N. Sabu _94736 |
||
| 100 |
_aMeera Madhavan, P. S _94737 |
||
| 100 |
_aMinu Paul, V _94738 |
||
| 100 |
_aRinu Remold _94739 |
||
| 245 | _aDevelopment and performance evaluation of cocoa fermenter | ||
| 260 |
_aTavanur _bDepartment of Processing and Food Engineering _c2020 |
||
| 700 | _aRajesh, G. K | ||
| 700 |
_aNithya, C _94734 |
||
| 942 | _cPR | ||
| 999 |
_c16321 _d16321 |
||